Cuentos fantásticos que dan miedo /

Guardado en:
Autor Principal: Roggio, Patricia; adap.
Otros Autores: Baldó, Fernando; il.
Formato: Libro
Publicado: Buenos Aires : Letra Impresa, 2009.
Series:La Puerta Secreta ; 8
Materias:
Etiquetas: Agregar Etiqueta
Sin Etiquetas, Sea el primero en etiquetar este registro!
LEADER 01125nam a22002535a 4500
001 CEM.cems019715
008 221012s2009####ag############000#0#####d
005 20221012101339.0
245 1 0 |a Cuentos fantásticos que dan miedo /  |c adaptado por Patricia Roggio ; ilustrado por Fernando Baldó. 
260 |a Buenos Aires :  |b Letra Impresa,  |c 2009. 
300 |a 108 p. 
490 0 |a La Puerta Secreta ;  |v 8 
505 0 |a La puerta secreta -- La llave maestra -- Cuentos fantásticos que dan miedo -- La cosa -- El miedo -- El guardavías -- El dedo medio del pie derecho -- La habitación número 13 En la cripta -- Los secretos de Cuentos fantásticos que dan miedo -- Nuevas puertas para abrir 
020 |a 9789872450090 
100 1 |a Roggio, Patricia; adap. 
700 1 |a Baldó, Fernando; il. 
082 0 4 |a 808.8 
653 |a Literatura infantil 
653 |a Literatura juvenil 
653 |a Literatura Universal 
653 |a Cuentos 
653 |a Cuentos fantásticos 
859 |a CEMS  |b BIB. CEMS - Inicial y Primaria  |h 808.8  |i R126-3  |k IP  |p 2439  |t Ej.1 
859 |a CEMS  |b BIB. CEMS - Inicial y Primaria  |h 808.8  |i R126-3  |k IP  |p 3802  |t Ej.2